000 00542nam a2200121Ia 4500
008 171212s9999 xx 000 0 und d
020 _a9781921862854
245 _ceditor Jolly, Margaret;Stewart, Christine;Brewer, Carolyn
_aEngendering Violence in Papua New Guinea
260 _bANU E Press
_c2012
650 _aFamily violence -- Papua New Guinea; Social psychology -- Papua New Guinea; Social adjustment -- Papua New Guinea; Papua New Guinea -- Social conditions
650 _aSociology
856 _uwww.jstor.org/stable/10.2307/j.ctt24hcwt
999 _c351099
_d351099